A gyilkos galóca és egyéb citotoxikus hatású gombafajok toxikokémiai tulajdonságai II. a redős papsapkagomba és fenyő tőkegomba /

Die Giftstoffe von weiteren Pilzarten werden durch die Verfasser beschrieben. Der Giftstoff des Lorcheis ( Gyromitra esculenta) ist das hepatotoxische und karzinogene Gyromitrin, eine Substanz, die auch in anderen Varietäten des Lorchellsund in einigen Becherpilzen vorkommt. Im Nadelholz-Häubling (G...

Teljes leírás

Elmentve itt :
Bibliográfiai részletek
Szerzők: Lévay Judit
Törley Dezső
Dokumentumtípus: Cikk
Megjelent: Lapkiadó Vállalat Budapest 1983
Sorozat:Élelmiszervizsgálati közlemények 29 No. 1
Kulcsszavak:Mikológia - toxinok, Mikotoxikológia, Élelmiszervizsgálat - analitikai kémia, Élelmiszerkémia - mérgező anyagok
Tárgyszavak:
Online Access:http://acta.bibl.u-szeged.hu/80972
LEADER 02192nab a2200277 i 4500
001 acta80972
005 20230905100102.0
008 230905s1983 hu o 0|| hun d
022 |a 0422-9576 
040 |a SZTE Egyetemi Kiadványok Repozitórium  |b hun 
041 |a hun 
041 |a eng 
041 |a ger 
041 |a rus 
100 1 |a Lévay Judit 
245 1 2 |a A gyilkos galóca és egyéb citotoxikus hatású gombafajok toxikokémiai tulajdonságai II.   |h [elektronikus dokumentum] :  |b a redős papsapkagomba és fenyő tőkegomba /  |c  Lévay Judit 
260 |a Lapkiadó Vállalat  |b Budapest  |c 1983 
300 |a 25-28 
490 0 |a Élelmiszervizsgálati közlemények  |v 29 No. 1 
520 3 |a Die Giftstoffe von weiteren Pilzarten werden durch die Verfasser beschrieben. Der Giftstoff des Lorcheis ( Gyromitra esculenta) ist das hepatotoxische und karzinogene Gyromitrin, eine Substanz, die auch in anderen Varietäten des Lorchellsund in einigen Becherpilzen vorkommt. Im Nadelholz-Häubling (Galerina marginata) und in anderen Galerina-Arten wurden dagegen alpha- und beta-Amanitine nachgewiesen, daher ist die Vergiftung durch diese Pilzarten ist gleich einer Vergiftung durch den grünen Knollenblätterpilz (Amanita phalloidea). The toxic substances of further mushroom species are described by the authors. The poison of the gyromitra (Gyromitra esculenta) is the hepatotoxic and carcinogeneous gyromitrin which is occurring also in other species of gyromitra and also in some cup-fungi. In the stump mushroom of pines (Galerina marginata) and in other species of Galerina alpha- and beta-amanities were detected. Consequently poisonings caused by them are quite identical to poisonings caused by the death cap ( Amanita phalloides). 
650 4 |a Műszaki és technológiai tudományok 
650 4 |a Egyéb műszaki tudományok és technológiák 
650 4 |a Élelmiszer és italfélék 
695 |a Mikológia - toxinok, Mikotoxikológia, Élelmiszervizsgálat - analitikai kémia, Élelmiszerkémia - mérgező anyagok 
700 0 1 |a Törley Dezső  |e aut 
856 4 0 |u http://acta.bibl.u-szeged.hu/80972/1/elelmiszervizsgalati_kozlemenyek_1983_01_025-028.pdf  |z Dokumentum-elérés